000 00880nam a2200229Ia 4500
003 GCL
005 20240530104946.0
008 140319s9999 xx 000 0 ara d
040 _aGCL /
_cGCL
082 0 4 _a953.0962
_bق/ر ف
100 1 _aريمون ، اندرية
245 1 0 _aفصول من التاريخ الاجتماعى للقاهرة العثمانية /
_cريمون ، اندرية ، ترجمة زهير الشايب
260 _aالقاهرة :
_bمكتبة مدبولى
300 _a304 ص ؛
_c19سم
650 0 4 _aاحياء وضواحى
650 0 4 _aحمامات عامة
650 0 4 _aالقاهرة - حمامات عامة
650 0 4 _aمصر - الاحوال الاقتصادية
650 0 4 _aمصر - الاحوال الاجتماعية
650 0 4 _aمصر - تاريخ - العصر العثمانى ( 1517-1914 م )
942 _2ddc
_cBK
999 _c52065
_d52065